Statistiques concernant Paroles - Pas besoin d'éducation sexuelle - Julie Bataille

Cliquez ici pour prendre le quiz!

Statistiques générales

  • Ce quiz a été pris 7 fois
  • Le résultat moyen est 87 sur 190

Statistiques - réponses

PAROLES% Correct
besoin
100%
D'
100%
d'
100%
éducation
100%
Pas
100%
s'
100%
se
100%
sexuelle
100%
amour
67%
de
67%
J'
67%
Je
67%
je
67%
n'
67%
Pour
67%
t'
67%
tu
67%
Tu
67%
un
67%
Un
67%
ai
50%
aime
50%
bien
50%
bras
50%
c'
50%
C'
50%
ça
50%
Dans
50%
dans
50%
des
50%
dont
50%
En
50%
est
50%
faire
50%
l'
50%
la
50%
le
50%
les
50%
leur
50%
m'
50%
Mais
50%
moi
50%
nuit
50%
on
50%
On
50%
plus
50%
Quand
50%
quand
50%
que
50%
qui
50%
Qui
50%
rencontré
50%
sais
50%
su
50%
te
50%
tes
50%
toi
50%
vous
50%
aimer
33%
amoureuse
33%
as
33%
Aujourd'hui
33%
aux
33%
avoir
33%
Celui
33%
chaque
33%
comme
33%
croire
33%
dormir
33%
entend
33%
entre
33%
et
33%
étais
33%
fait
33%
fou
33%
heureux
33%
homme
33%
importe
33%
jamais
33%
me
33%
mes
33%
mieux
33%
moins
33%
peu
33%
premier
33%
près
33%
quoi
33%
rêvais
33%
Sans
33%
si
33%
tomber
33%
toutes
33%
veut
33%
veux
33%
apprendre
17%
aurais
17%
Avant
17%
baiser
17%
bat
17%
chante
17%
coeur
17%
comment
17%
compliqué
17%
croit
17%
donnent
17%
effréné
17%
Érotisme
17%
explications
17%
filles
17%
forces
17%
garçons
17%
garder
17%
gens
17%
insensées
17%
libérée
17%
livre
17%
longtemps
17%
magazines
17%
mode
17%
obligé
17%
Obsession
17%
ouvert
17%
parler
17%
photos
17%
raccompagner
17%
Remplis
17%
rendez-
17%
saurai
17%
souri
17%
tas
17%
tendrement
17%
vitrines
17%
voit
17%
voyant
17%

Distribution des résultats

Percentile par nombre de réponses

% des personnes avec chaque résultat

Votre développement - résultats

Vous n’avez pas pris ce quiz